[Event "14th 4NCL Congress"]
[Site "Wokefield"]
[Date "2017.07.16"]
[Round "4"]
[Board "6"]
[White "Pollock, Andy"]
[Black "Ter-Gevorkian, Aram"]
[Result "1-0"]
[WhiteElo "1795"]
[BlackElo "1927"]
[PlyCount "107"]
[EventDate "2017.07.14"]
[EventRounds "5"]
[EventCountry "ENG"]

1. d4 d6 2. Nf3 g6 3. Bf4 Nf6 4. e3 Bg7 5. c4 c5 6. Nc3 cxd4 7. exd4 Qb6 8. Be2
O-O 9. O-O e6 10. Nb5 Ne8 11. Bxd6 Nxd6 12. c5 Qd8 13. Nxd6 Nc6 14. Qd2 Ne7 15.
Rad1 Qc7 16. Bc4 Bd7 17. Rfe1 Bc6 18. Ng5 Nd5 19. b4 a6 20. Nf3 b5 21. Bb3 a5
22. a3 Rfd8 23. Ng5 Rf8 24. f4 h6 25. Nf3 axb4 26. axb4 Ne7 27. Ne5 Bxe5 28.
fxe5 Ra3 29. Bc2 Ra2 30. Ra1 Qa7 31. Rxa2 Qxa2 32. Qf2 Nd5 33. Be4 Qxf2+ 34.
Kxf2 Nxb4 35. Bxc6 Nxc6 36. Ke3 Nb4 37. Rb1 Nd5+ 38. Kd3 b4 39. Kc4 Rb8 40. Nb5
Kf8 41. Rxb4 Nxb4 42. Kxb4 Ke7 43. c6 Rb6 44. Kc5 Ra6 45. h4 h5 46. g3 Ra8 47.
Kb6 Rb8+ 48. Ka6 Rc8 49. c7 Kd7 50. Kb7 g5 51. hxg5 Rh8 52. Nd6 h4 53. gxh4 f6
54. gxf6 1-0

[Event "14th 4NCL Congress"]
[Site "Wokefield"]
[Date "2017.07.16"]
[Round "4"]
[Board "7"]
[White "Reid, Patrick D"]
[Black "Ireland, David J"]
[Result "0-1"]
[WhiteElo "1775"]
[BlackElo "1922"]
[PlyCount "74"]
[EventDate "2017.07.14"]
[EventRounds "5"]
[EventCountry "ENG"]

1. d4 Nf6 2. Bf4 c5 3. d5 d6 4. Nc3 g6 5. e4 Bg7 6. Nf3 Bg4 7. Be2 O-O 8. O-O
Nbd7 9. Nd2 Bxe2 10. Qxe2 a6 11. a4 Nh5 12. Bg5 h6 13. Bh4 Nf4 14. Qd1 g5 15.
Bg3 Ng6 16. Ra3 b5 17. axb5 axb5 18. Rb3 b4 19. Ne2 f5 20. f4 g4 21. exf5 Rxf5
22. Nc4 Qf8 23. Ne3 h5 24. Qd3 Rf6 25. Qb5 Ra7 26. c3 bxc3 27. bxc3 h4 28. Nxg4
hxg3 29. Nxf6+ Nxf6 30. Nxg3 Nxd5 31. Nh5 Ra2 32. Qd3 Qf7 33. Rb8+ Kh7 34. Qh3
Bh6 35. g4 Ndxf4 36. Nxf4 Nxf4 37. g5 Nxh3+ 0-1

[Event "14th 4NCL Congress"]
[Site "Wokefield"]
[Date "2017.07.16"]
[Round "4"]
[Board "8"]
[White "Ross, Stuart"]
[Black "Woodward, Tim F"]
[Result "0-1"]
[WhiteElo "1619"]
[BlackElo "1901"]
[PlyCount "62"]
[EventDate "2017.07.14"]
[EventRounds "5"]
[EventCountry "ENG"]

1. e4 e5 2. Nf3 Nc6 3. Bb5 a6 4. Ba4 Nf6 5. O-O Be7 6. Re1 b5 7. Bb3 O-O 8. c3
d5 9. exd5 e4 10. dxc6 exf3 11. Qxf3 Bg4 12. Qg3 Re8 13. f4 Bd6 14. d4 Nh5 15.
Rxe8+ Qxe8 16. Qf2 Qxc6 17. Be3 Re8 18. Nd2 Be6 19. Bxe6 Rxe6 20. Nf3 Nxf4 21.
Ne5 Bxe5 22. Bxf4 Bxf4 23. Qxf4 Re2 24. Qg4 Qe8 25. Kf1 Rxb2 26. Re1 Qd8 27.
Qe4 Qf6+ 28. Kg1 Qf2+ 29. Kh1 h6 30. Qe8+ Kh7 31. Qe4+ f5 0-1

[Event "14th 4NCL Congress"]
[Site "Wokefield"]
[Date "2017.07.16"]
[Round "4"]
[Board "9"]
[White "Burrows, Nick"]
[Black "Nandi, Robin J"]
[Result "1/2-1/2"]
[WhiteElo "1888"]
[BlackElo "1827"]
[PlyCount "111"]
[EventDate "2017.07.14"]
[EventRounds "5"]
[EventCountry "ENG"]

1. Nf3 e6 2. c4 f5 3. d4 Nf6 4. g3 Be7 5. Bg2 O-O 6. O-O d5 7. b3 c6 8. Bb2
Nbd7 9. Nbd2 Qe8 10. Ne1 Qh5 11. e3 Qxd1 12. Rxd1 g5 13. Nd3 Bd6 14. Ne5 Kg7
15. f4 g4 16. c5 Bxe5 17. fxe5 Ne4 18. Bxe4 fxe4 19. a4 Rxf1+ 20. Rxf1 Nf8 21.
Bc3 Ng6 22. Ba5 Bd7 23. Bc7 Rf8 24. Rxf8 Kxf8 25. Bd8 Be8 26. Bf6 Bf7 27. Nb1
Ke8 28. Nc3 Kd7 29. b4 a6 30. b5 axb5 31. axb5 Kc7 32. b6+ Kc8 33. Kg2 Nf8 34.
Kf1 Nd7 35. Be7 Nb8 36. Ke1 Na6 37. Na2 Kd7 38. Bf6 Ke8 39. Kd2 Kd7 40. Kc3 Kc8
41. Nc1 Kd7 42. Nb3 Kc8 43. Na5 Bh5 44. Be7 Bf7 45. Bd6 Bh5 46. Kb3 Bf7 47. Ka4
Bh5 48. Nb3 Bf7 49. Nc1 Kd7 50. Ne2 Kc8 51. Ka5 Kd7 52. Nc3 Ke8 53. Nb5 Kd7 54.
Na7 Bh5 55. Bf8 Bf7 56. Bd6 1/2-1/2

[Event "14th 4NCL Congress"]
[Site "Wokefield"]
[Date "2017.07.16"]
[Round "4"]
[Board "10"]
[White "Portman, Carl S"]
[Black "Gibbs, Dominic V"]
[Result "1/2-1/2"]
[WhiteElo "1887"]
[BlackElo "1838"]
[PlyCount "73"]
[EventDate "2017.07.14"]
[EventRounds "5"]
[EventCountry "ENG"]

1. e4 d6 2. Nf3 g6 3. Nc3 Bg7 4. Be2 c5 5. d3 e6 6. Be3 Ne7 7. Qd2 Nbc6 8. h4
h6 9. d4 b6 10. O-O-O Bb7 11. Bb5 a6 12. Bxc6+ Nxc6 13. Rhe1 Kf8 14. d5 exd5
15. Qxd5 Na5 16. Qxd6+ Qxd6 17. Rxd6 Nc4 18. Rdd1 Bxc3 19. bxc3 Nxe3 20. Rxe3
Ke7 21. Red3 Rhd8 22. Rxd8 Rxd8 23. Rxd8 Kxd8 24. Nd2 Ke7 25. Kd1 b5 26. a3 g5
27. hxg5 hxg5 28. Ke2 Kd6 29. Ke3 f6 30. f3 Bc8 31. g3 Be6 32. f4 gxf4+ 33.
gxf4 a5 34. Kd3 Bf7 35. Ke3 a4 36. Kd3 Bh5 37. Nf1 1/2-1/2

[Event "14th 4NCL Congress"]
[Site "Wokefield"]
[Date "2017.07.16"]
[Round "4"]
[Board "11"]
[White "Mclaren, Charlie"]
[Black "Lee, Anthony Kh"]
[Result "1/2-1/2"]
[WhiteElo "1795"]
[BlackElo "1975"]
[PlyCount "64"]
[EventDate "2017.07.14"]
[EventRounds "5"]
[EventCountry "ENG"]

1. d4 d6 2. Nf3 Nf6 3. g3 g6 4. Bg2 Bg7 5. O-O O-O 6. Nc3 Nbd7 7. a4 a5 8. Nd2
c5 9. e3 e6 10. Nc4 d5 11. Nd6 Ne8 12. Ndb5 Qb6 13. b3 Nc7 14. Bb2 Na6 15. Na2
Rd8 16. Qe2 Nc7 17. dxc5 Nxc5 18. Bxg7 Kxg7 19. Nd4 e5 20. Nf3 f6 21. Rfd1 Be6
22. Nd2 Qa6 23. Qxa6 N7xa6 24. f4 Bf5 25. Rac1 Bg4 26. Bf3 Bxf3 27. Nxf3 e4 28.
Nd4 Kf7 29. Rd2 Rd7 30. Rcd1 Rad8 31. Nb5 Ke7 32. Kf2 Ke6 1/2-1/2

[Event "14th 4NCL Congress"]
[Site "Wokefield"]
[Date "2017.07.16"]
[Round "4"]
[Board "12"]
[White "Nwachukwu, Chino"]
[Black "Coburn, Joseph A"]
[Result "0-1"]
[WhiteElo "1904"]
[BlackElo "1755"]
[PlyCount "126"]
[EventDate "2017.07.14"]
[EventRounds "5"]
[EventCountry "ENG"]

1. e4 d6 2. f4 e5 3. Nf3 Nc6 4. Bc4 Be7 5. O-O Nf6 6. Nc3 O-O 7. f5 Nxe4 8. Nd5
Nf6 9. d4 e4 10. Ne1 Na5 11. Nxf6+ Bxf6 12. Bd5 c6 13. Bxe4 d5 14. Bd3 Bxd4+
15. Kh1 Bf6 16. c3 Nc4 17. Nf3 Ne5 18. Bc2 Re8 19. Nd4 c5 20. Nb3 b6 21. Bf4
Bb7 22. Nd2 a6 23. Qh5 d4 24. Ne4 d3 25. Nxf6+ Qxf6 26. Bxe5 Qxe5 27. Bxd3 Qd5
28. Rf3 Qe5 29. Rff1 Rad8 30. Bc4 Bxg2+ 31. Kxg2 Qe4+ 32. Kg1 Qxc4 33. f6 Re4
34. h3 Qe2 35. Rf3 Rd1+ 36. Rxd1 Qxd1+ 37. Kg2 Re2+ 38. Kg3 Qd6+ 39. Rf4 Re3+
40. Kg4 Qe6+ 41. Qf5 Qxf5+ 42. Rxf5 Re6 43. fxg7 Kxg7 44. a4 Re4+ 45. Rf4 Rxf4+
46. Kxf4 Kf6 47. b3 Ke6 48. c4 Kf6 49. h4 h5 50. Ke4 Ke6 51. Kf4 f6 52. Ke4 f5+
53. Kf4 Kf6 54. Kf3 Ke5 55. Ke3 f4+ 56. Kd3 a5 57. Ke2 Ke4 58. Kf2 f3 59. Kf1
Ke3 60. Ke1 f2+ 61. Kf1 Kf3 62. b4 axb4 63. a5 b3 0-1

[Event "14th 4NCL Congress"]
[Site "Wokefield"]
[Date "2017.07.16"]
[Round "4"]
[Board "13"]
[White "Rahman, K Azizur"]
[Black "Collins, Jonathan L"]
[Result "0-1"]
[WhiteElo "1882"]
[BlackElo "1791"]
[PlyCount "58"]
[EventDate "2017.07.14"]
[EventRounds "5"]
[EventCountry "ENG"]

1. c4 Nf6 2. d4 Nc6 3. d5 Ne5 4. Nc3 e6 5. e4 Bc5 6. Be2 d6 7. Nf3 O-O 8. O-O
Ng6 9. Bg5 h6 10. Bd2 e5 11. Bd3 a6 12. Na4 Ba7 13. b4 Bg4 14. h3 Bd7 15. Qb3
Nh5 16. Rfc1 Nhf4 17. Bf1 f5 18. exf5 Rxf5 19. c5 Bxa4 20. Qxa4 Nxh3+ 21. gxh3
Rxf3 22. Bg2 Nh4 23. Qd1 Rf7 24. Be4 a5 25. a3 Qf6 26. Be3 Raf8 27. Bh7+ Kxh7
28. Bd2 Qxf2+ 29. Kh1 Qg2# 0-1

[Event "14th 4NCL Congress"]
[Site "Wokefield"]
[Date "2017.07.16"]
[Round "4"]
[Board "14"]
[White "Adaway, William"]
[Black "Jaufarally, Nadia"]
[Result "1/2-1/2"]
[WhiteElo "1876"]
[BlackElo "1657"]
[PlyCount "61"]
[EventDate "2017.07.14"]
[EventRounds "5"]
[EventCountry "ENG"]

1. e4 c5 2. Nc3 d6 3. g3 Nc6 4. Bg2 e5 5. Nge2 Nf6 6. d3 h6 7. h3 Be7 8. O-O
Bd7 9. a3 O-O 10. Nd5 Nxd5 11. exd5 Nd4 12. c3 Nf5 13. Kh2 Rc8 14. f4 Qb6 15.
fxe5 dxe5 16. Be4 Nd6 17. g4 Nxe4 18. dxe4 Bh4 19. Ng3 Bxg3+ 20. Kxg3 Qg6 21.
Qe2 h5 22. g5 h4+ 23. Kh2 f5 24. exf5 Rxf5 25. Be3 Rcf8 26. Bxc5 Rxf1 27. Rxf1
Rxf1 28. Qxf1 Qxg5 29. Qf8+ Kh7 30. Qf2 a6 31. Be3 1/2-1/2

[Event "14th 4NCL Congress"]
[Site "Wokefield"]
[Date "2017.07.16"]
[Round "4"]
[Board "15"]
[White "Wunderle, John P"]
[Black "Jacob, Sydney J"]
[Result "1/2-1/2"]
[WhiteElo "1727"]
[BlackElo "1876"]
[PlyCount "62"]
[EventDate "2017.07.14"]
[EventRounds "5"]
[EventCountry "ENG"]

1. e4 c5 2. Nf3 g6 3. d4 cxd4 4. Nxd4 Bg7 5. Nc3 Nc6 6. Be3 Nf6 7. Be2 O-O 8.
f3 d5 9. Nxc6 bxc6 10. exd5 Nxd5 11. Nxd5 cxd5 12. c3 e6 13. Qd2 Bd7 14. O-O
Qc7 15. Bh6 Rab8 16. Bxg7 Kxg7 17. Rfd1 Qb6+ 18. Kh1 Qxb2 19. Qd4+ Kg8 20. Qxa7
Qxe2 21. Qxd7 Rfc8 22. Re1 Qb5 23. Qd6 Rxc3 24. Rxe6 Rbc8 25. Ree1 {(=)} Qb2
26. Qf4 Rc2 27. Rab1 Qc3 28. Red1 Re8 29. Rb8 Rxb8 30. Qxb8+ Kg7 31. h3 Rxa2
 1/2-1/2

[Event "14th 4NCL Congress"]
[Site "Wokefield"]
[Date "2017.07.16"]
[Round "4"]
[Board "16"]
[White "Forster, James Connor C"]
[Black "Beckett, Richard"]
[Result "1-0"]
[WhiteElo "1862"]
[BlackElo "1620"]
[PlyCount "71"]
[EventDate "2017.07.14"]
[EventRounds "5"]
[EventCountry "ENG"]

1. d4 Nf6 2. c4 c5 3. d5 b5 4. Qc2 g6 5. e4 d6 6. Nf3 Nbd7 7. h3 Bg7 8. Bf4 O-O
9. Nbd2 Qa5 10. Be2 bxc4 11. O-O c3 12. Nc4 Qd8 13. bxc3 Nb6 14. Nb2 Bb7 15.
Rad1 Qc7 16. Rfe1 Nxe4 17. Qxe4 Bxc3 18. Qc2 Bxe1 19. Nxe1 Nxd5 20. Bh6 Rfe8
21. Bc4 Nf6 22. Bf4 Qc6 23. Qb3 Red8 24. Bxf7+ Kg7 25. Bc4 d5 26. Bb5 Qb6 27.
Na4 c4 28. Nxb6 cxb3 29. Nxa8 Bxa8 30. axb3 Ne4 31. Be3 e5 32. Ra1 d4 33. Rxa7+
Kf6 34. Bc1 Nc3 35. Bc4 Be4 36. Rf7# 1-0

[Event "14th 4NCL Congress"]
[Site "Wokefield"]
[Date "2017.07.16"]
[Round "4"]
[Board "17"]
[White "Piecha, Lukasz Marek"]
[Black "David, Ivan"]
[Result "1/2-1/2"]
[WhiteElo "1752"]
[BlackElo "1887"]
[PlyCount "90"]
[EventDate "2017.07.14"]
[EventRounds "5"]
[EventCountry "ENG"]

1. d4 d6 2. c4 e5 3. d5 f5 4. Nf3 Nf6 5. e3 g6 6. Be2 Bg7 7. O-O O-O 8. Nc3 a5
9. Bd2 Na6 10. a3 Bd7 11. Rb1 Nc5 12. b4 axb4 13. axb4 Nce4 14. Nxe4 Nxe4 15.
Be1 g5 16. Bd3 g4 17. Bxe4 gxf3 18. Bxf3 e4 19. Be2 Ra3 20. c5 Qg5 21. c6 bxc6
22. dxc6 Bc8 23. Qc1 Ra8 24. Bc3 Be5 25. Bxe5 dxe5 26. Qc3 Qf6 27. f4 exf4 28.
Qxf6 Rxf6 29. Rxf4 Rxc6 30. Rb2 Be6 31. Kf2 Ra3 32. g4 Rcc3 33. gxf5 Bd5 34.
Rd2 c6 35. Rg4+ Kf7 36. b5 Kf6 37. bxc6 Bxc6 38. Rd6+ Kxf5 39. Rh4 Ke5 40. Rdh6
Bd7 41. R4h5+ Bf5 42. Rxh7 Rc2 43. Rf7 Raa2 44. Rhxf5+ Ke6 45. R7f6+ Ke7
 1/2-1/2

[Event "14th 4NCL Congress"]
[Site "Wokefield"]
[Date "2017.07.16"]
[Round "4"]
[Board "18"]
[White "Golding, William"]
[Black "De Coverly, Roger D"]
[Result "0-1"]
[WhiteElo "1517"]
[BlackElo "1971"]
[PlyCount "84"]
[EventDate "2017.07.14"]
[EventRounds "5"]
[EventCountry "ENG"]

1. d4 Nf6 2. c4 g6 3. Nc3 Bg7 4. e4 d6 5. f3 O-O 6. Be3 c5 7. dxc5 dxc5 8. Qxd8
Rxd8 9. Bxc5 Nc6 10. Nd5 Nxd5 11. exd5 Bxb2 12. Rb1 Bc3+ 13. Ke2 b6 14. dxc6
bxc5 15. c7 Re8 16. Nh3 Ba6 17. Ke3 Bd4+ 18. Kd2 Rac8 19. Nf4 Rxc7 20. Nd5 Rd7
21. Bd3 e6 22. Nc3 Red8 23. Rhd1 Bxc3+ 24. Kxc3 Rd4 25. Be2 e5 26. Rxd4 exd4+
27. Kd3 Re8 28. Kd2 Kg7 29. Bd3 h5 30. Rb3 Re7 31. Ra3 Bc8 32. Ra5 Rc7 33. Ke2
Kf6 34. Rb5 Ke5 35. Rb2 Rb7 36. Rb3 Rxb3 37. axb3 a5 38. Bc2 Bf5 39. Bxf5 Kxf5
40. g3 g5 41. h3 h4 42. f4 hxg3 0-1

[Event "14th 4NCL Congress"]
[Site "Wokefield"]
[Date "2017.07.16"]
[Round "4"]
[Board "19"]
[White "Manning, Peter A"]
[Black "Bovtramovics, Vladimirs"]
[Result "1/2-1/2"]
[WhiteElo "1787"]
[BlackElo "1744"]
[PlyCount "101"]
[EventDate "2017.07.14"]
[EventRounds "5"]
[EventCountry "ENG"]

1. d4 Nf6 2. Nf3 c5 3. c3 e6 4. Bg5 Nc6 5. e3 Be7 6. Be2 Qb6 7. Qc2 O-O 8. O-O
cxd4 9. exd4 d6 10. Nbd2 Bd7 11. Bd3 g6 12. Rfe1 Rfc8 13. Qb3 Qd8 14. Rab1 Rab8
15. Qd1 b5 16. a3 a5 17. Qe2 b4 18. axb4 axb4 19. g3 bxc3 20. bxc3 Qa5 21. Bxf6
Bxf6 22. Ne4 Be7 23. h4 d5 24. Ra1 Qc7 25. Ned2 Rb2 26. Reb1 Rcb8 27. Kg2 Na5
28. Rxb2 Rxb2 29. Qe3 Qxc3 30. Rb1 Nc4 31. Nxc4 dxc4 32. Rxb2 Qxb2 33. Bxc4 Bf6
34. d5 e5 35. Qb3 e4 36. Ng5 Qe5 37. Qe3 Bxg5 38. hxg5 Bg4 39. Qf4 Bf3+ 40. Kh2
Qa1 41. Bf1 h6 42. gxh6 Qxf1 43. h7+ Kh8 44. Qf6+ Kxh7 45. Qxf7+ Kh6 46. Qf4+
Kg7 47. Qe5+ Kf8 48. Qf6+ Ke8 49. Qxg6+ Kd8 50. Qb6+ Kc8 51. Qc6+ 1/2-1/2

[Event "14th 4NCL Congress"]
[Site "Wokefield"]
[Date "2017.07.16"]
[Round "4"]
[Board "20"]
[White "Hibbitt, Arthur M"]
[Black "Verma, Shlok"]
[Result "1-0"]
[WhiteElo "1768"]
[BlackElo "1475"]
[PlyCount "63"]
[EventDate "2017.07.14"]
[EventRounds "5"]
[EventCountry "ENG"]

1. d3 e6 2. c3 d5 3. Nf3 Nf6 4. g3 c5 5. Bg2 Nc6 6. O-O Bd6 7. Qc2 O-O 8. Nbd2
Re8 9. e4 d4 10. Nc4 b5 11. Nxd6 Qxd6 12. e5 Nxe5 13. Nxe5 Rb8 14. Re1 dxc3 15.
bxc3 Bb7 16. Bxb7 Rxb7 17. Bf4 Qe7 18. Qe2 Nd5 19. Bd2 Qd6 20. Rab1 Ree7 21. c4
Nc7 22. Qf3 Rb6 23. Ba5 Ra6 24. Bxc7 Rxc7 25. Qa8+ Qf8 26. Qxf8+ Kxf8 27. cxb5
Rxa2 28. Rec1 Rd2 29. Rxc5 Rxc5 30. Nd7+ Ke7 31. Nxc5 Kd8 32. Kf1 1-0

[Event "14th 4NCL Congress"]
[Site "Wokefield"]
[Date "2017.07.16"]
[Round "4"]
[Board "21"]
[White "Lucey, Michael"]
[Black "Hammond, Benjamin"]
[Result "1-0"]
[WhiteElo "1765"]
[BlackElo "1462"]
[PlyCount "167"]
[EventDate "2017.07.14"]
[EventRounds "5"]
[EventCountry "ENG"]

1. Nf3 d5 2. b3 Nf6 3. Bb2 Nc6 4. e3 Bg4 5. Be2 e6 6. d3 Bb4+ 7. Nbd2 O-O 8.
O-O Qe7 9. a3 Ba5 10. c4 dxc4 11. bxc4 Rad8 12. Nb3 Bb6 13. Qc2 a6 14. h3 Bh5
15. Nbd4 Nxd4 16. Nxd4 Bxd4 17. Bxd4 Bxe2 18. Qxe2 c5 19. Bc3 Rd7 20. Rab1 Rfd8
21. Ba5 Rb8 22. Bb6 Qd6 23. Rfd1 Kf8 24. e4 Qd4 25. Qe3 Qxe3 26. fxe3 Rc8 27.
Kf2 Rc6 28. Ke2 Ke7 29. Rb3 e5 30. Rdb1 Ne8 31. a4 Kf6 32. Ba5 Nd6 33. Bc3 Ke6
34. Rb6 Rdc7 35. Rxc6 Rxc6 36. Ba5 h6 37. Rb6 Kf6 38. Rxc6 bxc6 39. Bb6 Nb7 40.
d4 cxd4 41. exd4 exd4 42. Bxd4+ Kg6 43. Kd3 f6 44. Be3 c5 45. Bf4 h5 46. e5 Kf5
47. exf6 gxf6 48. Bc7 h4 49. Ke3 a5 50. Kd3 Ke6 51. Ke4 Nd6+ 52. Bxd6 Kxd6 53.
Kf5 Ke7 54. Kg4 Ke6 55. Kxh4 Ke5 56. Kg4 Kd4 57. h4 Kxc4 58. h5 Kb3 59. h6 c4
60. h7 c3 61. h8=Q c2 62. Qb8+ Kc3 63. Qf4 Kb2 64. Qxf6+ Kb1 65. Qb6+ Ka2 66.
Qc5 Kb1 67. Qb5+ Ka2 68. Qc4+ Kb1 69. Qd3 Kb2 70. Qb5+ Ka2 71. Qc4+ Kb2 72. Kf3
c1=Q 73. Qxc1+ Kxc1 74. g4 Kb2 75. g5 Kb3 76. g6 Kxa4 77. g7 Ka3 78. g8=Q a4
79. Qh8 Ka2 80. Qc3 a3 81. Ke2 Kb1 82. Qxa3 Kc2 83. Qb4 Kc1 84. Kd3 1-0

[Event "14th 4NCL Congress"]
[Site "Wokefield"]
[Date "2017.07.16"]
[Round "4"]
[Board "22"]
[White "Gawne, Martin P"]
[Black "Di-Vetta, Andrew"]
[Result "1-0"]
[WhiteElo "1964"]
[BlackElo "1605"]
[PlyCount "63"]
[EventDate "2017.07.14"]
[EventRounds "5"]
[EventCountry "ENG"]

1. Nf3 Nf6 2. c4 c5 3. g3 g6 4. Bg2 Bg7 5. O-O O-O 6. Nc3 Nc6 7. d4 cxd4 8.
Nxd4 Rb8 9. Bf4 Ra8 10. Ndb5 d6 11. Rc1 a6 12. Na3 Nh5 13. Be3 e6 14. Qd2 Qe7
15. Rfd1 Rd8 16. Bxc6 bxc6 17. Bc5 Qb7 18. Bxd6 Be5 19. c5 Bg7 20. Nc4 Bd7 21.
Be7 Bf8 22. Bxd8 Rxd8 23. Nb6 Bxc5 24. Nxd7 Be7 25. Ne4 Qc7 26. Rc3 f5 27. Nec5
Ng7 28. Rd3 Kh8 29. Qc3 Bxc5 30. Nxc5 Rxd3 31. Rxd3 e5 32. Rd7 1-0

[Event "14th 4NCL Congress"]
[Site "Wokefield"]
[Date "2017.07.16"]
[Round "4"]
[Board "23"]
[White "Dray-Pearce, Tristan"]
[Black "Ansari, Athar"]
[Result "0-1"]
[WhiteElo "1633"]
[BlackElo "1904"]
[PlyCount "80"]
[EventDate "2017.07.14"]
[EventRounds "5"]
[EventCountry "ENG"]

1. e4 c5 2. Nf3 a6 3. d4 cxd4 4. Nxd4 Nf6 5. Nc3 e5 6. Nb3 Bb4 7. Bd3 d5 8.
exd5 e4 9. Be2 Bxc3+ 10. bxc3 Qxd5 11. O-O Nc6 12. Be3 O-O 13. Qxd5 Nxd5 14.
Bd4 Nf4 15. Rfe1 Nxe2+ 16. Rxe2 Bf5 17. Nc5 Rfd8 18. Nxe4 Nxd4 19. cxd4 Rxd4
20. Nc5 b6 21. Nxa6 g6 22. Nc7 Rxa2 23. Rae1 Rxc2 24. Rxc2 Bxc2 25. g3 Rd1 26.
Rxd1 Bxd1 27. Nd5 b5 28. Kf1 Bb3 29. Nc7 Kf8 30. Ke1 Bc4 31. Kd2 b4 32. Na8 Ke7
33. Nb6 Be6 34. Kc2 Kd6 35. Na4 Kd5 36. Kb3 Ke4+ 37. Kxb4 Kf3 38. Nc5 Kxf2 39.
Kc3 Kg2 40. Nxe6 fxe6 0-1

[Event "14th 4NCL Congress"]
[Site "Wokefield"]
[Date "2017.07.16"]
[Round "4"]
[Board "24"]
[White "Price, Andrew"]
[Black "Merriman, James"]
[Result "1-0"]
[WhiteElo "1805"]
[BlackElo "1496"]
[PlyCount "55"]
[EventDate "2017.07.14"]
[EventRounds "5"]
[EventCountry "ENG"]

1. e4 e6 2. d4 d5 3. exd5 exd5 4. Nf3 Bd6 5. Be2 Ne7 6. O-O Nbc6 7. Nbd2 Bf5 8.
a3 O-O 9. c4 dxc4 10. Nxc4 Ng6 11. Nxd6 Qxd6 12. Be3 Rad8 13. Qd2 Rfe8 14. Rfd1
h6 15. Rac1 b6 16. Qc3 Nce7 17. Qxc7 Qxc7 18. Rxc7 Nd5 19. Rxa7 Nxe3 20. fxe3
Rxe3 21. Bc4 Be6 22. Bxe6 Rxe6 23. Rb7 Nf4 24. Rd2 Rc8 25. Kf2 f6 26. Nh4 g5 {
(=)} 27. Nf5 h5 28. Ne7+ 1-0

[Event "14th 4NCL Congress"]
[Site "Wokefield"]
[Date "2017.07.16"]
[Round "4"]
[Board "25"]
[White "Wiratunga, Jenith Ay"]
[Black "Langham, Rod E"]
[Result "1/2-1/2"]
[WhiteElo "1412"]
[BlackElo "1699"]
[PlyCount "221"]
[EventDate "2017.07.14"]
[EventRounds "5"]
[EventCountry "ENG"]

1. d4 e6 2. Nf3 f5 3. Bg5 Nf6 4. e3 Be7 5. Nbd2 d6 6. Bd3 Nc6 7. O-O Nb4 8. Be2
Ne4 9. Bxe7 Qxe7 10. c3 Nc6 11. Qc2 d5 12. Bb5 Nd6 13. Bxc6+ bxc6 14. Ne5 Bd7
15. c4 Qd8 16. cxd5 cxd5 17. Rac1 Rc8 18. Nc6 Bxc6 19. Qxc6+ Qd7 {(=)} 20. f3
Qxc6 21. Rxc6 Kd7 22. Ra6 Ra8 23. Rc1 Rhb8 24. b3 Rb6 25. Ra5 Nb7 26. Ra4 a5
27. a3 Raa6 28. b4 axb4 29. Rxa6 Rxa6 30. axb4 Ra2 31. Nf1 Rb2 32. Ra1 Rxb4 33.
Ra8 Nd8 34. Kf2 g5 35. Kg3 h5 36. h4 g4 37. fxg4 fxg4 38. Kf4 Nf7 39. Ng3 e5+
40. Kf5 exd4 41. exd4 Rxd4 42. Nxh5 Ke7 43. Ra6 Nd6+ 44. Kg5 {(=)} Ne4+ 45. Kf5
Nd6+ 46. Kg5 Rd2 47. g3 Rd4 48. Nf4 c5 49. Ra7+ Ke8 50. Kxg4 c4 51. Kf3 Rd1 52.
Ne2 c3 53. Rc7 d4 54. Nxd4 Rxd4 55. Rxc3 Kf7 56. Rc7+ Kf6 57. Rc3 Rd5 58. g4
Rd1 59. Kg2 Rd2+ 60. Kf3 Rd1 61. g5+ Kg6 62. Rc6 Kh5 63. Rc7 Kxh4 64. Kf4 Rf1+
65. Ke5 Nf7+ 66. Kd4 Nxg5 67. Rc4 Re1 68. Kd5+ Kg3 69. Rc3+ Nf3 70. Kc4 Rd1 71.
Rd3 Ra1 72. Kb4 Kf4 73. Rd8 Rc1 74. Rf8+ Ke4 75. Re8+ Ne5 76. Kb3 Rc7 77. Kb4
Kd5 78. Rh8 Nd3+ 79. Kb3 Ke4 80. Rh4+ Nf4 81. Rh8 Kd3 82. Rd8+ Ke4 83. Re8+ Kd4
84. Ra8 Rc5 85. Ra4+ Ke3 86. Rc4 Ra5 87. Ra4 Rd5 88. Rc4 Nd3 89. Kc3 Ra5 90.
Rc8 Ra3+ 91. Kc2 Ra2+ 92. Kb3 Rb2+ 93. Ka3 Rb7 94. Re8+ Kd4 95. Rd8+ Kc4 96.
Rc8+ Nc5 97. Rh8 Kc3 98. Rh3+ Nd3 99. Rh4 Rb6 100. Rg4 Rb5 101. Rh4 Rb1 102.
Ka2 Rb2+ 103. Ka3 Rb3+ 104. Ka4 Nb2+ 105. Ka5 Nc4+ 106. Ka6 Rb8 107. Rh3+ Kb4
108. Rh4 Kc5 109. Rh5+ Kc6 110. Rh6+ Nd6 111. Ka5 1/2-1/2

[Event "14th 4NCL Congress"]
[Site "Wokefield"]
[Date "2017.07.16"]
[Round "4"]
[Board "26"]
[White "Brown, Geoffrey D"]
[Black "Lovell, William Pm"]
[Result "1/2-1/2"]
[WhiteElo "1565"]
[BlackElo "1678"]
[PlyCount "56"]
[EventDate "2017.07.14"]
[EventRounds "5"]
[EventCountry "ENG"]

1. b3 e5 2. Bb2 Nc6 3. e3 Nf6 4. Bb5 d6 5. Bxc6+ bxc6 6. d3 Be7 7. Nd2 O-O 8.
Ne2 c5 9. O-O Nd5 10. e4 Nf6 11. f4 Ng4 12. Nc4 f6 13. h3 Nh6 14. Ne3 c6 15.
Ng3 Qe8 16. f5 Qf7 {(=)} 17. Ng4 Nxg4 18. Qxg4 g6 19. fxg6 hxg6 20. Nf5 Bxf5
21. Rxf5 Kh8 22. Rf3 f5 23. exf5 gxf5 24. Qg3 Rg8 25. Qf2 Raf8 26. Rf1 Rg5 27.
g4 Qh7 28. Qh2 Kg8 1/2-1/2

[Event "14th 4NCL Congress"]
[Site "Wokefield"]
[Date "2017.07.16"]
[Round "5"]
[Board "1"]
[White "Shaw, Meyrick"]
[Black "Dydak, Mateusz"]
[Result "1/2-1/2"]
[WhiteElo "1943"]
[BlackElo "1882"]
[PlyCount "33"]
[EventDate "2017.07.14"]
[EventRounds "5"]
[EventCountry "ENG"]

1. d4 f5 2. Bf4 Nf6 3. c4 d6 4. Nc3 e6 5. g3 Be7 6. Bg2 O-O 7. Nf3 Ne4 8. h4
Nxc3 9. bxc3 Nd7 10. Qb3 Nf6 11. Bg5 Ne4 12. Bxe7 Qxe7 13. e3 b6 14. Ng5 Bb7
15. Nxe4 Bxe4 16. O-O Bxg2 17. Kxg2 1/2-1/2

[Event "14th 4NCL Congress"]
[Site "Wokefield"]
[Date "2017.07.16"]
[Round "5"]
[Board "2"]
[White "Crockart, George N"]
[Black "Bennett, Dominic L"]
[Result "1/2-1/2"]
[WhiteElo "1928"]
[BlackElo "1941"]
[PlyCount "61"]
[EventDate "2017.07.14"]
[EventRounds "5"]
[EventCountry "ENG"]

1. f4 c5 2. Nf3 g6 3. e4 Bg7 4. c3 Nh6 5. d3 d5 6. Be2 O-O 7. h3 e6 8. Be3 b6
9. O-O Bb7 10. Qc2 d4 11. Bf2 Kh8 12. c4 f5 13. e5 Rg8 14. Ng5 Bxe5 15. Bh4 Bf6
16. Nxe6 Qe7 17. Bxf6+ Qxf6 18. Ng5 Nc6 19. Bf3 Rge8 20. Qd2 Nf7 21. Nxf7+ Qxf7
22. Na3 Nb4 23. Bxb7 Qxb7 24. Nc2 Nxc2 25. Qxc2 Re3 26. Rae1 Qe7 27. Qd2 Re8
28. Rxe3 Qxe3+ 29. Rf2 Kg7 30. a3 h6 31. Qxe3 1/2-1/2

[Event "14th 4NCL Congress"]
[Site "Wokefield"]
[Date "2017.07.16"]
[Round "5"]
[Board "3"]
[White "Ireland, David J"]
[Black "Wolf, Gabriel"]
[Result "1-0"]
[WhiteElo "1922"]
[BlackElo "1890"]
[PlyCount "117"]
[EventDate "2017.07.14"]
[EventRounds "5"]
[EventCountry "ENG"]

1. e4 c5 2. Nc3 g6 3. f4 Bg7 4. Nf3 Nc6 5. Bb5 Nd4 6. O-O Nxb5 7. Nxb5 d5 8. e5
a6 9. Nc3 Bg4 10. d4 cxd4 11. Qxd4 Bxf3 12. Rxf3 e6 13. Qb4 Qe7 14. Qa4+ Qd7
15. Qxd7+ Kxd7 16. Na4 Rb8 17. Be3 Bf8 18. Nb6+ Ke8 19. c4 dxc4 20. Rc1 Ne7 21.
Rxc4 Nc6 22. Kf1 Be7 23. Ke2 f6 {(=)} 24. exf6 Bxf6 25. b3 Kf7 26. Nd7 Rbd8 27.
Nxf6 Kxf6 28. Bd2 Rhe8 29. Bc3+ Kf7 30. g4 Rd5 31. Rd3 Red8 32. Rxd5 exd5 33.
Ra4 d4 34. Bd2 Ke6 35. Kd3 Kd5 36. Rc4 Re8 37. b4 b6 38. a4 b5 39. axb5 axb5
40. Rc5+ Kd6 41. Rxb5 Ra8 42. f5 gxf5 43. gxf5 Ne5+ 44. Ke4 Nc4 45. Bf4+ Ke7
46. Kxd4 Nd6 47. Re5+ Kf7 48. Rd5 Ne8 49. Be5 Nf6 50. Bxf6 Kxf6 51. b5 Ra2 52.
b6 Rb2 53. Kc5 Rxh2 54. b7 Rb2 55. Rd6+ Kxf5 56. Rb6 Rc2+ 57. Kd4 Rd2+ 58. Ke3
Rd8 59. b8=Q 1-0